000 00957pam a2200265 a 4500
001 1070447
003 JO-AjAnu
005 20231202134547.0
008 910605s1992 mnua b 001 0 eng
010 _a 91023125
020 _a0314915451 (hard : alk. paper)
040 _aDLC
_cDLC
_dDLC
_dJO-AjAnu
050 0 0 _aT58.6
_b.R48 1992
082 0 0 _a658.4/038
_220
100 1 _aReynolds, George Walter,
_d1944-
_eauthor
245 1 0 _aInformation systems for managers /
_cGeorge W. Reynolds
250 _a2nd ed.
260 _aSt. Paul :
_bWest Pub. Co.,
_cc1992.
300 _axviii, 539 p. :
_bill. (some col.) ;
_c27 cm.
504 _aIncludes bibliographical references (p. 503-519) and index.
650 0 _aManagement information systems.
906 _a7
_bcbc
_corignew
_d1
_eocip
_f19
_gy-gencatlg
942 _2lcc
_cBK
_n0
999 _c33213
_d33213